[Event "Sharjah E Grand Prix"]
[Site "FIDE"]
[Date "2017.02.26"]
[Round "8.2"]
[White "Grischuk, Alexander"]
[Black "Mamedyarov, Shakhriyar"]
[Result "1-0"]
[WhiteElo "2742"]
[BlackElo "2766"]
[EventDate "2017.??.??"]
[Annotator "Bojkov,Dejan"]
[PlyCount "120"]
[Beauty "6395474762248"]
[EventType "schev"]
[EventRounds "3"]
[EventCountry "FID"]
[WhiteClock "0:04:39"]
[BlackClock "1:07:19"]

1.d4 Nf6 2.c4 e6 3.Nf3 d5 4.Nc3 c5 5.e3 Nc6 6.cxd5 Nxd5 7.Bd3 cxd4 8.exd4 Bb4 ( 8...Be7 {is better with a normal position (Mamedyarov).} ) 9.O-O O-O 10.Bc2 {"Shakhriyar mixed something in the opening and after this move I think it is very unpleasant for Black." (Grischuk)} 10...Bd7 ( {A novelty. The former world champion suffered a painful defeat after} 10...Nf6 11.Re1 h6 12.Qd3 Bd6 13.Ne4 Nxe4 14.Qxe4 f5 15.Qe2 Nb4 16.Bb3 Nd5 17.Bd2 Bd7 18.Ne5 Rf6 19.Qf3 Bc6 20.Nxc6 bxc6 21.Rac1 Rc8 22.Rc2 Qb6 23.Rxe6 $1 {1-0 Ivanchuk,V (2747)-Anand,V (2779) Doha 2016} ) 11.a3 Bxc3 ( {Or} 11...Be7 12.Qd3 g6 13.Bh6 {with a nice initiative for White.} ) 12.Qd3 {Perhaps} ( 12.bxc3 {was more precise with the idea:} 12...b5 ( 12...Nxc3 $4 13.Qd3 {loses on the spot.} ) 13.a4 b4 14.Qd3 f5 15.c4 {with a clear advantage for White.} ) 12...f5 13.bxc3 b5 {The only way. Mamedyarov hopes to keep the position blocked.} 14.a4 a6 15.Re1 ( 15.axb5 axb5 16.Rxa8 Qxa8 17.Bd2 {is slightly better for White.} ) 15...Qc7 16.Ng5 {"I started to play very badly, just like in a bullet game. Attack, but then after the opponent defend, I had no idea what to do..." (Grischuk)} ( {White would have kept a nice advantage instead after} 16.Bb3 Na5 17.Bxd5 exd5 18.Ba3 Rfe8 19.axb5 axb5 20.Bc5 ) 16...Qd6 17.Qd2 {Grischuk intended to go for:} ( 17.Ba3 {at first with pressure after} 17...b4 18.cxb4 Ncxb4 ( {But he disliked the complications after} 18...Nf4 {Although, there is nothing to worry about after} 19.Qd2 Qxd4 20.Rad1 Qxd2 21.Rxd2 {The two bishops and the outside passer determines White's serious edge.} ) 19.Qd2 ) 17...h6 {Another way to play for equality was:} ( 17...b4 18.c4 Nc3 19.Nf3 ) 18.Nf3 Rfc8 19.Ba3 Qf4 20.Qxf4 {This lets the advantage slip away. Better was:} ( 20.Qd3 $1 {when White is still on top after both:} 20...Na5 ( {Or} 20...Nxc3 21.axb5 Nxb5 22.Bc5 {followed by Bc2-b3 with strong pressure.} ) 21.Bc5 Nb7 22.Ne5 Nxc5 23.dxc5 Be8 24.c6 $1 ) 20...Nxf4 21.Bc5 Na5 ( 21...g5 $5 ) ( 21...Nd5 $5 ) 22.Ne5 Be8 {Mamedyarov managed to get into an endgame where the isolated pair of white pawns on c3 and d4 is less dangerous. There is still work to do in order to equalize in full, but he is getting closer.} 23.g3 Nd5 24.Ra3 bxa4 25.c4 ( 25.Bxa4 Bxa4 26.Rxa4 Nc6 ) 25...Nf6 26.Bxa4 Bxa4 27.Rxa4 Nc6 28.Nd3 Ne4 {Black plays for a win. He thought he does not risk anything in time trouble.} ( {Mamedyarov thought that} 28...Rd8 {is an instant draw. For example:} 29.Nf4 ( {Or} 29.Rxe6 Nxd4 30.Bxd4 Rxd4 31.Nf4 Ne4 ) 29...Nxd4 30.Bxd4 Rxd4 31.Nxe6 Rd2 {The queenside pawns will soon disappear and this should indeed be a draw.} ) 29.Bb6 Rcb8 ( 29...a5 $5 ) 30.c5 Kf7 {The line:} ( 30...Nc3 31.Rc4 Nb5 32.Rxe6 Ncxd4 ( 32...Nbxd4 33.Rd6 ) 33.Re7 {is unpleasant for Black (Grischuk)} ( 33.Re3 $5 {is even more precise.} ) ) 31.Rea1 {Missed by Mamedyarov. He thought that White should play:} ( 31.Ne5+ Nxe5 32.dxe5 Nc3 {followed by Nc3-d5 when Black is doing fine and indeed plays without any risk.} ) 31...Nc3 32.Rxa6 Rxa6 33.Rxa6 Ne2+ 34.Kg2 Nexd4 35.Bc7 Rc8 {Forced, as:} ( 35...Rb1 36.Ne5+ Nxe5 37.Bxe5 {deprived Black of the blockading Nc6 resource (Grischuk)} ) 36.Bd6 g5 {The endgame is unpleasant for Black. White has more active pieces and a distant passed pawn. Still, since most of the pawns are facing each other Black has reasonable drawing chances.} 37.f4 gxf4 ( {Grischuk believed that Black can defend better with} 37...g4 38.Kf2 Ke8 39.Ke3 ) ( {While Mamedyrov thought that} 37...Ke8 {at once was more precise. In both cases White does not have a chance to penetrate with his king on the kingside.} ) 38.gxf4 Ke8 39.Rb6 ( 39.Kf2 {leads White nowhere after} 39...Kd7 40.Ke3 Nc2+ 41.Kd2 N2d4 {(Grischuk)} ) 39...Ra8 ( {The computer suggests the weird regroupment} 39...Na5 40.Ne5 Ndc6 ) 40.Ne5 {The blockade should be broken at any rate.} 40...Ra2+ 41.Kg3 Ra3+ 42.Kg2 {The only chance as:} ( 42.Kf2 Ra2+ 43.Ke3 Ra3+ 44.Kd2 Nxe5 45.Bxe5 Nb3+ {is just equal (Grischuk). This line should be prolonged a bit} 46.Kc3 Nxc5+ 47.Kb4 Nd7 48.Rxe6+ Kf7 {and indeed it is a draw.} ) 42...Ra2+ 43.Kg3 {Now the game enters rook endgame by force.} 43...Ra3+ 44.Kh4 Nxe5 45.Bxe5 Nf3+ 46.Kh5 Nxe5 47.fxe5 ( {Not:} 47.Rxe6+ $4 Kf7 48.Rxe5 Rh3# {(Grischuk)} ) 47...Kd7 {Both white pieces are more active and this makes the endgame extremely difficult for Mamedyarov to survive.} 48.Kg6 f4 ( {Mamedyarov mentioned} 48...Rd3 49.Kf7 f4 50.Rxe6 Rd5 {as a possibler defense, but it seems unlikely that Black can survive after} 51.Re7+ Kc6 52.Ke6 ) ( {However, it seems as} 48...Re3 $1 {would have saved Black. For example:} 49.Kf6 ( 49.Rd6+ Ke7 ) 49...f4 50.Rxe6 f3 51.Rd6+ Kc7 52.Rd1 f2 53.Rf1 Rf3+ 54.Kg7 Kc6 55.e6 Kxc5 56.e7 Re3 57.Rxf2 Rxe7+ {and it should be a draw.} ) 49.Rd6+ {The passer should be traded to kill any counterplay!} ( {Grischuk spotted the above-mentioned idea and avoided it:} 49.Kf7 f3 50.Rxe6 Re3 ) 49...Ke7 50.c6 f3 51.Rd7+ $1 {Mamedyarov was hoping for the study draw after:} ( 51.c7 Rc3 52.Rd3 $1 f2 53.Rxc3 f1=Q 54.c8=Q Qf7+ 55.Kxh6 Qg6+ $3 56.Kxg6 {Stalemate!} ) 51...Ke8 52.Rf7 Rc3 53.c7 h5 ( {Or} 53...f2 54.Rxf2 Rxc7 55.h4 ) 54.Rxf3 Rxc7 55.Rh3 {The lack of space prevents Mamedyarov from saving his pawns.} 55...Kd7 56.Rxh5 Rc4 ( 56...Kc6 57.h4 Kd5 58.Rg5 ) 57.Rh7+ Kc6 58.Kf6 Kd5 59.Rd7+ Ke4 60.Rd1 Rc2 ( 60...Rc2 {Black resigned due to} 61.Kxe6 Rxh2 62.Kd6 ) 1-0

[Event "Sharjah Grand Prix 2017"]
[Site "Sharjah"]
[Date "2017.02.22"]
[Round "5.5"]
[White "Adams, Michael"]
[Black "Hammer, Jon Ludvig"]
[Result "1-0"]
[WhiteElo "2751"]
[BlackElo "2628"]
[EventDate "2017.??.??"]
[Annotator "Bojkov,Dejan"]
[PlyCount "91"]
[Beauty "7284532975111"]
[EventType "game"]
[WhiteClock "0:29:25"]
[BlackClock "0:50:56"]

1.e4 e5 2.Nf3 Nc6 3.Bc4 {The quiet Italian, which is never as slow as it seems.} 3...Bc5 4.O-O Nf6 5.d3 a6 6.c3 d6 7.a4 O-O 8.Re1 Kh8 {"I do not know this move so well." (Adams) Probably because it is a novelty, although the idea is common. Black usually wants to prepare f7-f5 after h7-h6, Nf6-h7 (g8) and then f7-f5.} ( {Instead} 8...Ba7 {was chosen against Hammer's buddy Carlsen in a recent match-} 9.h3 Ne7 10.d4 Ng6 11.Nbd2 c6 12.Bf1 a5 13.dxe5 dxe5 14.Qc2 Be6 {with approximate equality, Carlsen,M (2853)-Karjakin,S (2772) New York 2016} ) 9.h3 h6 10.Na3 ( {Adams did not want to put the knight in the center with} 10.Nbd2 {as it would deprive him of the d3-d4 option.} ) 10...Bxa3 {Both players investigated:} ( 10...Na5 11.b4 Nxc4 12.bxc5 {when White seems to be better after both:} 12...Nxa3 ( 12...Na5 {Thisseems like the better choice as White does not have too much pressure on d6 at the end of the line.} 13.cxd6 cxd6 14.Be3 ) 13.Bxa3 Re8 14.cxd6 cxd6 15.d4 $1 ) 11.Rxa3 Be6 {For some strange reason Hammer decided that he is not sure f7-f5 is his move.} ( 11...Nh7 {was still keeping him on route for playing f7-f5, although White can strike first in the center with} 12.d4 {and if} 12...f5 13.Bd5 fxe4 14.Bxe4 {looks promising for White.} ) 12.Bxe6 fxe6 13.d4 {"Now White is a little better." (Adams)} 13...Qe8 ( {On} 13...exd4 14.cxd4 d5 15.exd5 exd5 16.Ne5 Nxe5 17.dxe5 Ne4 18.f3 {looks good for White.} ) ( {Hammer later suggested} 13...a5 {to avoid the queenside bind. To this Adams intended to swing the rook to b5 after} 14.Rb3 ) ( {Finally, a critical idea might be} 13...Nd7 {when} 14.Qb3 {can be met with the nice exchange sacrifice} ( {In case that White wants to avoid the melee he can go for} 14.a5 {preserving some sligh edge.} ) 14...Rxf3 15.gxf3 exd4 16.f4 Nc5 {with a mess.} ) 14.dxe5 Nxe5 ( 14...dxe5 15.b4 {makes no sense as Black is cramped. He needs to trade pieces.} ) 15.Nxe5 dxe5 16.a5 {Now that the queenside is fixed Adams has a good choice of objects to attack. The rook on a3 is also looking great.} 16...Rd8 17.Qe2 ( {Another option was:} 17.Qa4 Qf7 ( {But it seems as Adams was reluctant to take the queens off the board too early.} 17...Qxa4 18.Rxa4 Rf7 19.Be3 ) 18.Be3 {White is better, but Black can try some desperate kingside counter-attack.} ) 17...Qc6 ( {Adams suggested as good chance} 17...Nh5 {instead. But it was not clear what did he see for Hammer in case of:} 18.Rb3 {Now in case of} 18...Qg6 {White can just grab the pawn} ( 18...Rb8 19.Qc4 {does not seem appealing at all.} ) 19.Rxb7 ) 18.Rb3 Rd7 {Tricks do not help:} ( 18...Nxe4 19.Qxe4 Qxe4 20.Rxe4 Rd1+ 21.Kh2 Rxc1 22.Re2 {is a rather gloomy rook ending to play as Black. White will soon recover the pawn and will have two super-active rooks to torture the opponent's position.} ) 19.Rb4 $1 Rfd8 20.Be3 Kg8 21.Qc4 {Some simple logical moves proved White's advantage. Now Hammer tries to be active:} 21...Rd1 ( {But I think it was better for him to keep both the rooks on the board after} 21...Qxc4 22.Rxc4 Kf7 {With all the rooks present the white king will find it harder to get active.} ) 22.Rxd1 ( 22.Kf1 Qd7 {with the threat Rxe1+ followed by Qd7-d1 mate is not needed.} ) 22...Rxd1+ 23.Kh2 Qxc4 24.Rxc4 c6 ( {Adams felt that Black's last chance was teh rook endgame after:} 24...Ne8 $1 25.Rb4 ( 25.Rc5 Kf7 26.Rxe5 Nd6 {and the white rook is awkward (Adams). Although it can get out with} 27.Rc5 c6 28.f3 {and White has good winning chances.} ) 25...Nd6 26.Bc5 Ra1 27.Bxd6 cxd6 28.Rxb7 Rxa5 29.Rb6 d5 $1 {Indeed, it is so. For example} ( {Rather than} 29...Rb5 30.Rxd6 Rxb2 31.f3 ) 30.b4 Ra3 31.Rxe6 dxe4 32.Rxe5 Rxc3 33.Rxe4 Kf7 {and if the queenside pawns disappear it is a draw.} ) 25.Rb4 Rd7 26.Kg3 {Now White has all the advantages- more active pieces and king, better minor piece, better pawn structure.} 26...Kf7 27.Kf3 g5 $6 {There is no need to make things easier for your opponent when you are ina bad shape. This move allows White a chance to create a second weakness. If Hammer's defense was close to impossible beforehand, now it becoms really impossible.} ( 27...Ne8 28.Ba7 Nd6 {should have been preferred, although it is not clear if Black can survive anyway.} ) 28.Ba7 Ng8 29.h4 $1 {There comes the second weakness. It is either the h6 or g5 black pawn.} 29...gxh4 ( {Or} 29...Kg6 30.Bb8 Kf6 31.h5 $1 {Fixing the weakness on h6.} ( 31.hxg5+ $5 ) 31...Ne7 32.Ba7 Nc8 33.Bc5 {with the idea to attack the weakness after Bc5-f8.} ) 30.Kg4 Ne7 31.Be3 Ng8 32.Kxh4 Ke8 {Now White's plan is obvious: bring the king on h5, and something's gotta give.} 33.Rb3 Rg7 34.g4 Rf7 35.c4 Rd7 36.Ba7 {Pawn e5 is also a target, remember?} 36...Nf6 37.f3 Rf7 38.Bb8 Nd7 39.Bd6 Kd8 40.Kh5 Rf6 41.Rd3 {Hammer is running out of moves. The rest is easy.} 41...Ke8 ( 41...Kc8 42.Be7 ) 42.Bb4 c5 ( 42...Nb8 43.Bd2 ) 43.Bd2 Rf7 44.Bxh6 Nf6+ 45.Kg6 Ng8 46.Bg5 1-0

[Event "GRENKE Chess Classic"]
[Site "?"]
[Date "2017.04.16"]
[Round "2.2"]
[White "Carlsen, Magnus"]
[Black "Aronian, Levon"]
[Result "1/2-1/2"]
[WhiteElo "2838"]
[BlackElo "2774"]
[EventDate "2017.??.??"]
[Annotator "Bojkov,Dejan"]
[PlyCount "140"]
[Beauty "4673905919578"]
[EventType "swiss"]
[EventRounds "7"]
[WhiteClock "0:26:38"]
[BlackClock "0:37:12"]

1.e4 e5 2.Nf3 Nc6 3.Bb5 a6 4.Ba4 Nf6 5.O-O Be7 6.Re1 b5 7.Bb3 O-O {Aronian is a famous Marshall specialist.} 8.a4 {And Carlsen does not want to test his knowledge. Some time ago Tal would say that this move is giving up any hopes of advantage. Nowadays the top players will argue that it gives a a chance for them to play some moves of their own.} 8...b4 9.d3 Bc5 10.c3 ( {Aronian had also faced} 10.Be3 Bxe3 11.Rxe3 d6 12.Nbd2 Na5 13.Ba2 c5 {with an approximately equal game in Yu,Y (2729)-Aronian,L (2785) Doha 2016} ) 10...bxc3 11.bxc3 Rb8 12.Bg5 h6 13.Bh4 g5 $146 {All of these moves were played quickly, including this novelty. An email game saw instead:} ( 13...Be7 14.Nbd2 d6 15.d4 exd4 16.cxd4 Nh5 17.Bxe7 Qxe7 18.Qe2 {with slight edge for White in Barata,A (2200) -Parkes Navea,R (2038) ICCF email 2007} ) 14.Bg3 {The sacrifice does not work:} ( 14.Nxg5 hxg5 15.Bxg5 {due to the pretty refutation} 15...Rxb3 $1 16.Qxb3 Bxf2+ 17.Kxf2 Ng4+ ) 14...Nh5 15.Nbd2 Nxg3 16.hxg3 Qf6 {Black can be happy with the outcome of the opening. He traded the strong dark-squared bishop of the opponent, while keeping his one on commanding position.} 17.Nc4 d6 18.Ne3 Be6 19.Bxe6 {A dubious decision. Carlsen obviously wanted to avoid the position with opposite-colored bishops on the board, but now he is risking a lot.} ( {After} 19.Nd5 Bxd5 ( 19...Qg7 $5 ) 20.Bxd5 Ne7 {the positon would be even.} ) 19...fxe6 20.Qc2 h5 {Black's position is very pleasant. He simply wants to advance his kingside pawns and discover as many files as he can. The bishop on c5 is doing a great job into the attack.} 21.Rab1 Rxb1 {Why!? This rook would be a great piece to attack with. After the correct:} ( 21...Rbe8 $1 22.a5 Re7 {followed by Re7-g7 (f7, h7) this rook will mate, while the white one will sadly look at the empty b-file!} ( 22...g4 23.Nh4 ) ) 22.Rxb1 h4 23.gxh4 gxh4 24.Rb7 h3 {This also appears to be inaccuracy. Aronian could have attacked with} ( 24...Qg7 $1 {instead, not fearing} 25.Nxh4 $2 Bxe3 26.fxe3 Na5 ( 26...Qg3 {at once might be even stronger with the idea} 27.Rxc7 $2 Qe1+ ) 27.Rb1 Qg3 {and the knight is trapped on the rim.} ) 25.Rxc7 {Carlsen simply took the pawn. The black one on g2 will shield him against the black heavy pieces. But what about the f-file?} 25...hxg2 26.Qe2 $1 {This is what it is all about. The knight could not move due to:} ( 26.Nh2 $4 Bxe3 27.fxe3 Qf1+ ) 26...Ne7 ( {In the line} 26...Qxf3 27.Qxf3 Rxf3 {White will not capture the knight at once:} 28.Rxc6 ( {But would first play} 28.Kxg2 $1 Rxe3 29.fxe3 Na5 30.Rc8+ ( 30.Kf3 $5 ) 30...Kf7 31.Ra8 {with good winning chances.} ) 28...Bxe3 29.fxe3 d5 ( 29...Rxe3 30.Rxd6 ) 30.Kxg2 Rxe3 {which will be equal.} ) 27.Ne1 {Now he can move.} 27...Rb8 ( 27...Bxe3 28.Qxe3 $16 ) 28.Qg4+ {Surprisingly, it is Carlsen who attacks on the kingside. Had the second black rook been on g7...} ( 28.Qf3 $5 {was also very good for White.} ) 28...Ng6 ( 28...Kf8 $1 {is the better defense.} ) 29.Nf3 Rb2 {Now the world champion finds a very strong continuation:} 30.d4 exd4 31.e5 $1 {Both the white knights get perfect jobs while the black pieces stall.} 31...dxe5 32.Nc4 Rb1+ 33.Kxg2 e4 ( {The endgame after} 33...Qf5 34.Qxf5 exf5 35.Rxc5 {is hopeless for Black.} ) 34.Qxe4 {Carlsen thought this is safer and simplier, but it leads only to a draw.} ( {Carlsen had seen the right continuation} 34.Nfe5 $1 e3 ( 34...dxc3 35.Rxc5 ) ( 34...Qf5 35.Qxg6+ Qxg6+ 36.Nxg6 dxc3 37.Ne3 ) 35.Rf7 Qxf7 36.Nxf7 Kxf7 {and thought that White should play now} 37.Qh5 {and here he calculated the beautiful line:} ( {In fact after} 37.Qf3+ $1 Kg7 38.Qe4 {he is just winning.} ) 37...Kg7 38.Qxc5 e2 39.Qxd4+ e5 40.Nxe5 Rg1+ 41.Kh3 Rh1+ 42.Kg2 Rg1+ {that leads to a draw.} ) 34...Nf4+ 35.Kg3 Ne2+ {This shot is what White missed!} 36.Kg4 ( {The knight capture leads to perpetual after} 36.Qxe2 Qg6+ 37.Kh2 ( {As the attempt to deviate with} 37.Kh3 $4 Rh1+ 38.Nh2 Qh6+ {would be disastrous for White.} ) 37...Qh5+ $11 ) 36...Qf5+ 37.Qxf5 exf5+ 38.Kxf5 dxc3 39.Rxc5 c2 40.Rc8+ Kg7 {The c-pawn survived and saves Aronian. There are still some nasty little traps that he had to avoid.} 41.Rc7+ Kg8 ( {Avoids the temptation to go "active" with the king} 41...Kh6 $4 42.Nce5 c1=Q 43.Ng4+ Kh5 44.Rh7+ Qh6 45.Rxh6# ) 42.Kf6 Rg1 {A pretty move. There was also the dull:} ( 42...Rb8 43.Rg7+ Kf8 {which would not be that pleasant of a defense since White still has plenty of attacking resources. For example:} 44.Nfe5 ( 44.Ng5 Nf4 45.Nh7+ Ke8 46.Rg8+ Kd7 47.Rxb8 {when Black needs to avoid one last trap:} 47...c1=Q ( 47...Nd5+ $1 $11 {first is a draw though.} ) 48.Nb6+ Kd6 49.Rd8+ Kc7 50.Rc8+ {and wins.} ) 44...Nf4 $1 {And now it is time for White to force the draw with:} ( 44...c1=Q $4 45.Ng6+ Ke8 46.Rg8+ Kd7 47.Nge5+ Kc7 48.Rg7+ Kd8 49.Rd7+ Ke8 50.Nd6+ Kf8 51.Ng6+ Kg8 52.Rg7# ) 45.Ng6+ ( 45.Nd7+ Ke8 46.Kf5 c1=Q 47.Nf6+ Kf8 48.Rg8+ Kf7 49.Ne5+ Ke7 50.Rxb8 $11 ) 45...Nxg6 46.Nd6 $3 c1=Q 47.Rf7+ Kg8 48.Rg7+ Kf8 ( 48...Kh8 $4 49.Nf7# ) 49.Rf7+ $11 ) ( 42...c1=Q {should also lead ultimately to a draw after} 43.Rc8+ Kh7 44.Ng5+ Qxg5+ ( 44...Kh6 $4 45.Rh8# ) 45.Kxg5 {but hey, do you know anyone wishing to defend this against Carlsen?} ) 43.Nxg1 ( {The players saw} 43.Ng5 Rxg5 44.Ne3 c1=Q 45.Rxc1 Nxc1 46.Kxg5 {and evaluated it as a draw.} 46...Nd3 47.f4 a5 ) 43...c1=Q 44.Nxe2 Qh6+ {Aronian regains the knight with checks and the arising imbalanced position is equal.} 45.Ke7 Qh7+ 46.Kd6 Qd3+ 47.Kc5 Qxe2 48.Kb6 Qxf2+ 49.Kxa6 Kf8 50.a5 {Carlsen tried to push here for another twenty moves but in vain.} 50...Ke8 51.Nb6 Qf5 52.Rd7 Qc5 53.Rh7 Qe5 54.Rd7 Qc5 55.Rd5 Qc6 56.Rh5 Qc3 57.Kb7 Qg7+ 58.Ka6 Kd8 59.Rd5+ Kc7 $1 {Nice defense!} 60.Rd7+ Kb8 $1 ( 60...Qxd7 $4 {is lost of course after} 61.Nxd7 Kxd7 62.Kb7 ) 61.Rd8+ ( {Or} 61.Rxg7 {Stalemate!} ) 61...Kc7 62.Rc8+ Kd6 63.Nc4+ Kd7 64.Rc5 Qg1 65.Kb6 Qb1+ 66.Ka7 Qb4 67.Nb6+ Kd6 68.Rh5 Kc6 69.Rh6+ Kb5 70.Rh5+ Kc6 1/2-1/2